| Tag |
First Indicator |
Second Indicator |
Subfields |
| LEADER |
00000cam a2200000 a 4500 |
| 001 |
in00002426321 |
| 005 |
20151109135909.0 |
| 008 |
061023s2007 paua b 001 0 eng |
| 010 |
|
|
|a 2006035155
|
| 020 |
|
|
|a 9780838756782 (alk. paper)
|
| 020 |
|
|
|a 0838756786 (alk. paper)
|
| 035 |
|
|
|a (OCoLC)ocm74568793
|
| 040 |
|
|
|a DLC
|c DLC
|d UtOrBLW
|
| 043 |
|
|
|a e-uk-st
|a e-uk-en
|
| 049 |
|
|
|a TXAM
|
| 050 |
0 |
0 |
|a PR8552
|b .G68 2007
|
| 082 |
0 |
0 |
|a 820.9/9411
|2 22
|
| 100 |
1 |
|
|a Gottlieb, Evan,
|d 1975-
|
| 245 |
1 |
0 |
|a Feeling British :
|b sympathy and national identity in Scottish and English writing, 1707-1832 /
|c Evan Gottlieb.
|
| 264 |
|
1 |
|a Lewisburg, Pa. :
|b Bucknell University Press,
|c [2007]
|
| 264 |
|
4 |
|c ©2007
|
| 300 |
|
|
|a 274 pages :
|b illustrations ;
|c 24 cm.
|
| 336 |
|
|
|a text
|b txt
|2 rdacontent
|
| 337 |
|
|
|a unmediated
|b n
|2 rdamedia
|
| 338 |
|
|
|a volume
|b nc
|2 rdacarrier
|
| 490 |
1 |
|
|a The Bucknell studies in eighteenth-century literature and culture
|
| 504 |
|
|
|a Includes bibliographical references (pages 250-267) and index.
|
| 505 |
0 |
|
|a Introduction: "Union and no Union": feeling British in the long eighteenth century -- "That propensity we have": sympathy, national identity, and the Scottish Enlightenment -- "Fools of prejudice": Smollett and the novelization of national identity -- "We are now one people": Boswell, Johnson, and the renegotiation of Anglo-Scottish relations -- "Harp of the north": romantic poetry and the sympathetic uses of Scotland -- "To be at once another and the same": Scott's Waverley novels and the end(s) of sympathetic Britishness -- Conclusion: "Imperfect sympathies" and the devolution of Britishness.
|
| 650 |
|
0 |
|a English literature
|x Scottish authors
|x History and criticism.
|
| 650 |
|
0 |
|a Scottish literature
|y 19th century
|x History and criticism.
|
| 650 |
|
0 |
|a Identity (Philosophical concept) in literature.
|
| 650 |
|
0 |
|a English literature
|y 19th century
|x History and criticism.
|
| 650 |
|
0 |
|a National characteristics, Scottish, in literature.
|
| 651 |
|
0 |
|a Scotland
|x Relations
|z England.
|
| 651 |
|
0 |
|a England
|x Relations
|z Scotland.
|
| 650 |
|
0 |
|a Nationalism in literature.
|
| 830 |
|
0 |
|a Bucknell studies in eighteenth-century literature and culture.
|
| 945 |
|
|
|a PromptCat
|
| 946 |
|
|
|a stk
|
| 947 |
|
|
|a A14836643532
|
| 948 |
|
|
|a cataloged
|b h
|c 2008/10/16
|d c
|e dmitchel
|f 9:50:30 am
|
| 994 |
|
|
|a 92
|b TXA
|
| 999 |
|
|
|a MARS
|
| 999 |
f |
f |
|s 09147887-6c3e-38db-b67e-3b513e5d44d7
|i e74b033a-16d2-3dea-a38e-ecfcc544f179
|t 0
|
| 952 |
f |
f |
|p normal
|a Texas A&M University
|b College Station
|c Sterling C. Evans Library
|d Evans: Library Stacks
|t 0
|e PR8552 .G68 2007
|h Library of Congress classification
|i unmediated -- volume
|m A14836643532
|
| 998 |
f |
f |
|a PR8552 .G68 2007
|t 0
|l Evans: Library Stacks
|